000 00641nam a2200181Ia 4500
008 151018s9999 xx 000 0 und d
082 _bRBASDV26014
_a891.463
100 _aसंजय सोनवणी
245 _aनरभक्षकाच्या बेटावर विजय
250 _b1
260 _bक्ष
_c1987
300 _a97
600 _aसंजय सोनवणी
630 _aनरभक्षकाच्या बेटावर विजय
700 _aसंजय सोनवणी
730 _aनरभक्षकाच्या बेटावर विजय
942 _cBOOK
999 _c1025622
_d1025619